00425nam a2200133 i 4500001000300000100002000003245008300023250001100106260001900117040000800136041000800144008004100152856009800193bg1 aMIRSKIJ, G. Ja. 0aApparaturnye opredelenie charakteristik slucajnych processow /cG.Ja. Mirskij. aWyd.2. aMoskwa,c1972. cBPK apol s pl f |000 0 pol  uhttp://koha.tu.koszalin.pl/cgi-bin/koha/opac-detail.pl?biblionumber=15036yKatalog online BPK